| 000 | 01624nam a2200385Ii 4500 | ||
|---|---|---|---|
| 001 | DIGOVENEG117 | ||
| 003 | NyNyDIG | ||
| 008 | 141201s1996 ck a o 000 0 spa d | ||
| 006 | m o d | ||
| 007 | cr ||||||||||| | ||
| 020 | _z9580607133 | ||
| 035 | _a(OCoLC)992065593 | ||
| 040 |
_aDGITA _beng _erda _epn _cDGITA |
||
| 050 | 1 | 4 | _aPQ8498.32.A65 eBook |
| 100 | 1 |
_aDíaz Granados, José Luis, _eauthor. |
|
| 245 | 1 | 0 |
_aGuía de lectura de Los jefes y los cachorros, de Mario Vargas Llosa / _cpor José Luis Díaz Granados. |
| 264 | 1 |
_aBogotá, Colombia : _bEditorial Oveja Negra, _c1996. |
|
| 300 | _a1 online resource (43 pages). | ||
| 336 |
_atext _btxt _2rdacontent |
||
| 337 |
_acomputer _bc _2rdamedia |
||
| 338 |
_aonline resource _bcr _2rdacarrier |
||
| 490 | 1 | _aBolsilibros (Editorial Oveja Negra) | |
| 504 | _aIncludes bibliographical references (page [44]). | ||
| 588 | 0 | _aOnline resource; title from ePub and PDF title page (Digitalia, viewed November 5, 2014) | |
| 600 | 1 | 0 |
_aVargas Llosa, Mario, _d1936-. _tJefes. |
| 600 | 1 | 0 |
_aVargas Llosa, Mario, _d1936-. _tCachorros. |
| 655 | 0 | _aElectronic books. | |
| 791 | 2 |
_aDigitalia (Firm), _edistributor. |
|
| 793 | 0 |
_gDigitalia eBook Collection: _aEditorial Oveja Negra. |
|
| 830 | 0 | _aBolsilibros (Editorial Oveja Negra) | |
| 776 | 0 | 8 |
_iPrint version: _aDíaz Granados, José Luis. _tGuía de lectura de Los jefes y los cachorros, de Mario Vargas Llosa. _dBogotá : Editorial Oveja Negra, 1996. _z9580607133. |
| 856 | 4 | 0 |
_3Digitalia Hispánica _uhttps://www.digitaliapublishing.com/a/29539/ |
| 910 | _aPremium Collection: 2014 | ||
| 942 | _cRAA | ||
| 999 |
_c239819 _d239819 |
||